000
00249nam a22001217a 4500
008
180925b xxu||||| |||| 00| 0 eng d
041
_a
eng
080
_a
591
100
_a
7
101
_a
ZOO
245
_a
Mammalogy
_c
Vaughan.T.A
942
_2
udc
_c
BK
999
_c
48442
_d
48442